000 00337nam a2200133 i 4500
001 bg
100 1 _aPOL'KIN, I. S.
245 0 _aUprocnjajuscaja termiczeskaja obrabotka titanowych spławow /
_cI.S. Pol'kin.
260 _aMoskwa,
_c1984.
040 _cBPK
041 _apol
942 _cKS
008 s pl f |000 0 pol
999 _c28081
_d28081